Państwa z religią państwową - Statystyki

Ogólne statystyki
  • Ten quiz został rozwiązany 282 razy
  • Średni wynik to 19 z 44
Statystyki odpowiedzi
Religia Państwo % Poprawnych
Judaizm Izrael
95%
Islam Arabia Saudyjska
73%
Chrześcijaństwo Watykan
72%
Islam Irak
70%
Islam Iran
70%
Islam Egipt
68%
Islam Afganistan
60%
Buddyzm Tajlandia
60%
Islam Jemen
59%
Islam Maroko
59%
Islam Algieria
58%
Islam Pakistan
57%
Islam Oman
56%
Islam Katar
55%
Islam Zjednoczone Emiraty Arabskie
55%
Islam Libia
50%
Islam Jordania
49%
Islam Tunezja
48%
Islam Kuwejt
47%
Chrześcijaństwo Anglia
44%
Islam Bahrajn
43%
Buddyzm Kambodża
43%
Buddyzm Bhutan
42%
Chrześcijaństwo Szkocja
41%
Chrześcijaństwo Grecja
40%
Chrześcijaństwo Argentyna
38%
Islam Somalia
37%
Islam Malezja
36%
Islam Bangladesz
34%
Chrześcijaństwo Norwegia
34%
Chrześcijaństwo Malta
32%
Islam Mauretania
32%
Chrześcijaństwo Dania
31%
Islam Brunei
29%
Chrześcijaństwo Islandia
29%
Chrześcijaństwo Monako
25%
Chrześcijaństwo Gruzja
25%
Islam Malediwy
24%
Chrześcijaństwo Liechtenstein
22%
Islam Komory
20%
Chrześcijaństwo Szwajcaria
17%
Chrześcijaństwo Kostaryka
13%
Chrześcijaństwo Salwador
10%
Chrześcijaństwo Tuvalu
5%
Nie znaleziono quizów pasujących do podanych kryteriów
Rozkład punktacji
Procent ludzi z każdym wynikiem
Percentyl według liczby udzielonych odpowiedzi
Twoja historia wyników
Nie rozwiązałeś tego quizu